| 000 | 00781cab a2200253 4500 | ||
|---|---|---|---|
| 001 | ABS55663 | ||
| 008 | 090401t1996 xxu||||| |||| 00| 0 eng d | ||
| 035 | _a(Sirsi) u17866 | ||
| 041 | _aeng | ||
| 100 | _aGray, R. | ||
| 245 | _aChannelling resources | ||
| 260 | _c1996 | ||
| 350 | _a0 | ||
| 490 |
_aEstates Gazette _v(9632) 10 August 1996, 34-36(3) |
||
| 520 | _aIndustry profile of the television industry including the growth in satellite and cable broadcasting. Lists major commercial broadcasters and their audience share. | ||
| 650 | _aCABLE TELEVISION | ||
| 650 | _aMEDIA | ||
| 650 | _aSATELLITE TELEVISION | ||
| 650 | _aTELEVISION INDUSTRY | ||
| 650 | _aTELEVISION STATIONS | ||
| 690 | _aPROPERTY-COMMERCIAL PROPERTY | ||
| 942 | _n0 | ||
| 948 | _c04/03/1997 | ||
| 999 |
_c11847 _d11847 |
||